000 01015nam0a22002411 4500
001 rc\1111826
005 20041126174241.2
035 _a(NLR Aleph) 006356049
090 _a4852167
_c4852167
100 _a20041126d1982 u |0rusy50 ca
101 0 _arus
102 _aRU
105 _ay |||||||||
200 1 _aАлексей Николаевич Толстой (1883-1945). К 100-летию со дня рождения
_eМетод. рекомендации
_fГос. б-ка СССР им. В.И. Ленина, Отд. рек. библиогр.
_g[Сост. С.П. Бавин]
210 _aМ.
_cГБЛ
_d1982
215 _a32 с.
_d22
702 1 _aБавин
_bС. П.
_gСергей Павлович
_4220
712 0 2 _aГосударственная б-ка СССР им. В.И.Ленина
_bОтдел рекомендательной библиографии
_3RU\NLR\AUTH\889959480
801 0 _aRU
_bNLR
_gpsbo
801 1 _aRU
_bELAR
_2rusmarc
852 _aNLR
_bБ
_j8255/Т-529Б
942 _cBOOK
980 _aNB